000 00915nas a2200289 4500
001 BR2013007845
003 BR-BrBNA
005 20231205123026.0
007 ta
008 230509b bl.|||p| |||| 00| 00por d
040 _aBR-BrBNA
_bpor
_cBiblioteca Nacional de Agricultura
041 _a(En)
072 _aQ04; Q02
100 1 _aMolina Filho, L.
100 1 _aGonçalves, A.K.R.
100 1 _aMauro, M.A.
100 1 _aFrascareli, E.C.
245 1 _aMoisture sorption isotherms of fresh and blanched pumpkin (Cucurbita moschata)
650 _aABÓBORA
650 _aPROCESSAMENTO
650 _aCLARIFICAÇÃO
650 _aCALORIMETRIA
773 0 _tCiência e Tecnologia de Alimentos (Brazil)
_xISSN 1678-457X
_g(Jul-Sep 2011), v. 31(3) p. 714-722
_wBR2013007845
856 4 0 _uhttp://www.scielo.br/pdf/cta/v31n3/a25v31n3.pdf
909 _a202311
_bLúcia
_c55
_dLúcia Elande
942 _2AGRIS
_n0
_cANA
999 _c231827
_d231827